LEADER 01035nam a2200265 i 4500 001 000000151513 003 CaOOAMICUS 005 20060704000000.0 008 060704s1966 it u000 u ita u 013 $a128851 040 $aSeMil$bita 100 1 $aJannuzzi, Lina.$0(OLS)http://semarc/name/59541 245 13$aIl crepuscolo e la cultura lombarda :$b(1850-1859) /$cLina Jannuzzi. 260 $aPisa :$bNistri-Lischi,$ccopyr. 1966. 300 $aVIII, 202 p. ;$c19 cm. 490 0 $aSaggi di varia umanità ;$v49 500 $aFondo Ciprandi. 650 4$aTenca, Carlo.$0(OLS)http://semarc/subject/29582 830 0$aSaggi di varia umanità ;$v49.$0(OLS)http://semarc/title/17909 850 $aSeMil 852 $aSeMil$W1$xVenegono$y1$m1D II 120$j103540$B103540$CSeMilBibl$Z2$F112610 $81 941 1 $a1 961 $aOmaggio: Ciprandi dott. Paolo 996 $6245$aIl crepuscolo e la cultura lombarda :$b(1850-1859)$9(OLS)http://semarc/title/221419 996 $6260$aPisa :$bNistri-Lischi$9(OLS)http://semarc/publisher/33669 LEADER 00937nam a2200205 i 4500 001 000000213301 003 CaOOAMICUS 005 20120518000000.0 008 120518s1889 it u000 u ita u 013 $a192156 040 $aSeMil$bita 240 12$aI Greci.$0(OLS)http://semarc/title/307562 245 13$aLa Grecia :$barchitettura pubblica e privata, mobili, armi, costumi, usi ecc. 300 $aXX, 430 p. :$bill. 650 4$aGrecia antica - Civiltà.$0(OLS)http://semarc/subject/4281 650 4$aGrecia antica - Usi e costumi.$0(OLS)http://semarc/subject/16425 773 0 $aGuhl, Ernst$tVita dei greci e dei romani.$b2. ed. sulla 5. ed. tedesca.$dTorino : Ermanno Loescher, 1889.$g1$w()26775 850 $aSeMil 852 $aSeMil$W1$xVenegono$y1$m1Z III 36 FA$j163731$B163731$CSeMilBibl$Z2$F174792 $8I 996 $6245$aLa Grecia :$barchitettura pubblica e privata, mobili, armi, costumi, usi ecc$9(OLS)http://semarc/title/307561